Capobranco /

সংরক্ষণ করুন:
গ্রন্থ-পঞ্জীর বিবরন
প্রধান লেখক: Alò, Patrizia (লেখক)
বিন্যাস: গ্রন্থ
ভাষা:ইতালিয়
প্রকাশিত: Roma : Il Calamaio, [stampa 1997]
মালা:I romanzi
ট্যাগগুলো: ট্যাগ যুক্ত করুন
কোনো ট্যাগ নেই, প্রথমজন হিসাবে ট্যাগ করুন!

MARC

LEADER 00000nam a22000007i 4500
001 IT\ICCU\UBO\2437440
003 ItRI
005 20260115232432.0
008 040507s1997 it |||||| ||||| |||||c
040 |b ita  |c importazione bologna sebina 
041 7 |a ita  |2 ISO-639-2 
100 1 |a Alò, Patrizia  |0 IT\ICCU\CFIV\012691  |4 aut 
245 1 0 |a Capobranco /  |c Patrizia Alò. 
260 |a Roma :  |b Il Calamaio,  |c [stampa 1997] 
300 |a 95 p. :  |b 21 cm. 
830 2 |a I romanzi  |0 IT\ICCU\CFI\0318193 
942 |2 ddc  |c BK  |n 0 
952 |0 0  |1 0  |4 0  |6 DOC_853_914000000000000_ALO  |7 0  |9 25735  |a BO  |b BO  |d 2026-01-15  |i 8020  |l 0  |o DOC 853.914 ALO  |p BO8020  |r 2026-01-15 23:24:32  |w 2026-01-15  |x [Sebina 5] [1 v.]  |y BK  |z 1 v. 
999 |c 21825  |d 21825